000 00446nam a2200181Ia 4500
001 14068
005 20260306164847.0
008 260306t2006||||xx |||||||||||||| ||spa||
041 _aESP
082 _a006.3
_bY47
100 _aYen, Gary Y.
_eAUT
245 0 _aComputational intelligence:
_bprinciples and practice
260 _c2006
300 _aiv, 256 páginas :
_c28 cm.
650 _aGEN
654 _aCCC
942 _cLIB
_dJUS
_fJUS
_2ddc
_n
999 _c14068
_d14068